इSछापत्र का व कसे ? (Record no. 338370)

MARC details
000 -LEADER
fixed length control field 00555nam a2200169Ia 4500
008 - FIXED-LENGTH DATA ELEMENTS--GENERAL INFORMATION
fixed length control field 090711s9999 xx 000 0 und d
082 ## - DEWEY DECIMAL CLASSIFICATION NUMBER
Item number 1373
100 ## - MAIN ENTRY--PERSONAL NAME
Personal name केळकर अरुण
245 ## - TITLE STATEMENT
Title इSछापत्र का व कसे ?
260 ## - PUBLICATION, DISTRIBUTION, ETC. (IMPRINT)
Name of publisher, distributor, etc औदुंबर प्रकाशन
Date of publication, distribution, etc 2000
300 ## - PHYSICAL DESCRIPTION
Extent 67
600 ## - SUBJECT ADDED ENTRY--PERSONAL NAME
Personal name केळकर अरुण
630 ## - SUBJECT ADDED ENTRY--UNIFORM TITLE
Uniform title इSछापत्र का व कसे ?
700 ## - ADDED ENTRY--PERSONAL NAME
Personal name केळकर अरुण
730 ## - ADDED ENTRY--UNIFORM TITLE
Uniform title इSछापत्र का व कसे ?
942 ## - ADDED ENTRY ELEMENTS (KOHA)
Koha item type Book

No items available.